| 000 | 00979nam a2200205Ia 4500 | ||
|---|---|---|---|
| 003 | Ost | ||
| 005 | 20260507075129.0 | ||
| 008 | 260507s9999||||xx |||||||||||||| ||und|| | ||
| 040 | _cfsecg | ||
| 041 | _aara | ||
| 082 | _a330 | ||
| 100 |
_aعبد الباقي، صلاح الدين محمد _eمؤلف |
||
| 245 | 0 |
_aالسلوك الفعال في المنظمات / _c صلاح الدين محمد عبد الباقي |
|
| 260 |
_aالإسكندرية: _bالدار الجامعية, _c2004 |
||
| 300 |
_a400 صفحة؛ _bإيضاحات ؛ _c24 سم |
||
| 520 | _aالمدخل الى السلوك التنظيمي- المؤثرات الفردية في السلوك الإنساني- المؤثرات الجماعية في السلوك الإنساني- المؤثرات التنظيمية في السلوك التنظيمي- التطبيقات والتدريبات العملية. | ||
| 653 | _aالسلوك الفعال | ||
| 653 | _aالمنظمات | ||
| 942 | _cكتاب | ||
| 999 |
_c43199 _d43199 |
||